Quantitative seismology / (Record no. 9317)

MARC details
000 -LEADER
fixed length control field 00959cam a2200289 i 4500
003 - CONTROL NUMBER IDENTIFIER
control field EG-ScBUE
005 - DATE AND TIME OF LATEST TRANSACTION
control field 20260316113606.0
008 - FIXED-LENGTH DATA ELEMENTS--GENERAL INFORMATION
fixed length control field 150816s2002 caua f b 001 0 eng d
020 ## - INTERNATIONAL STANDARD BOOK NUMBER
International Standard Book Number 0935702962 (acid-free paper)
020 ## - INTERNATIONAL STANDARD BOOK NUMBER
International Standard Book Number 9780935702965
040 ## - CATALOGING SOURCE
Original cataloging agency EG-ScBUE
Language of cataloging eng
Description conventions rda
Transcribing agency EG-ScBUE
Modifying agency EG-ScBUE
082 04 - DEWEY DECIMAL CLASSIFICATION NUMBER
Classification number 551.22
Item number AkI
Edition number 22
100 1# - MAIN ENTRY--PERSONAL NAME
Personal name Aki, Keiiti,
Relator term author.
245 10 - TITLE STATEMENT
Title Quantitative seismology /
Statement of responsibility, etc Keiiti Aki, Paul G. Richards.
250 ## - EDITION STATEMENT
Edition statement Second edition.
264 #1 - PUBLICATION, DISTRIBUTION, ETC. (IMPRINT)
Place of publication, distribution, etc Sausalito :
Name of publisher, distributor, etc University Science Books,
Date of publication, distribution, etc [2002]
264 #4 - PUBLICATION, DISTRIBUTION, ETC. (IMPRINT)
Date of publication, distribution, etc C2002
300 ## - PHYSICAL DESCRIPTION
Extent xviii, 700 pages :
Other physical details illustrations ;
Dimensions 26 cm
336 ## - CONTENT TYPE
Source rdacontent
Content type term text
Content type code txt
337 ## - MEDIA TYPE
Media type term unmediated
Source rdamedia
Media type code n
338 ## - CARRIER TYPE
Carrier type term volume
Carrier type code nc
Source rdacarrier
504 ## - BIBLIOGRAPHY, ETC. NOTE
Bibliography, etc Includes bibliographical references and index.<br/>
650 #7 - SUBJECT ADDED ENTRY--TOPICAL TERM
Topical term or geographic name as entry element Seismology
General subdivision Mathematics.
Source of heading or term BUEsh
655 ## - INDEX TERM--GENRE/FORM
Form subdivision Reading book
700 1# - ADDED ENTRY--PERSONAL NAME
Personal name Richards, Paul G.,
Dates associated with a name 1943-
Relator term author.
942 ## - ADDED ENTRY ELEMENTS (KOHA)
Koha item type NB - Book (Non borrowing)
Source of classification or shelving scheme Dewey Decimal Classification
Holdings
Withdrawn status Lost status Source of classification or shelving scheme Damaged status Not for loan Collection code Home library Current library Shelving location Date acquired Source of acquisition Total Checkouts Full call number Barcode Date last seen Cost, replacement price Price effective from Koha item type Date checked out
    Dewey Decimal Classification     Baccah Central Library Central Library First floor 04/02/2007 Purchase   551.22 AKI 000002365 15/07/2025 782.90 04/02/2007 NB - Book (Non borrowing)  
    Dewey Decimal Classification     Baccah Central Library Central Library First floor 04/05/2008 Purchase 1 551.22 AKI 000011307 15/07/2025     Book - Borrowing 29/07/2018